Landlocked Countries of Europe Quiz - Fill Map - Statistics

General Stats
  • This quiz has been taken 139 times
  • The average score is 15 of 15
Answers on the Map
Answers color-coded by a green-red scale on the quiz's map according to % correct below.
 
Answer Stats
Country % Correct
Hungary
100%
Austria
99%
Czech Republic
99%
Andorra
98%
Liechtenstein
98%
Luxembourg
98%
Serbia
98%
Slovakia
98%
Vatican City
98%
Belarus
97%
Kosovo
97%
Moldova
97%
North Macedonia
97%
San Marino
97%
Switzerland
97%
No matching quizzes found
Score Distribution
Percent of People with Each Score
Percentile by Number Answered
Your Score History
You have not taken this quiz